000 00545nam a22001457a 4500
999 _c129943
_d129943
008 191017b ||||| |||| 00| 0 eng d
050 _aBX3756.I32
_bR482
100 _aRibadeneira, Pedro de
_948420
245 _aTreatise on the governance of St. Ignatius of Loyola
_cPedro de Ribadeneira translated with an introduction and notes by Joseph A. Munitiz afterword by Mark Rotsaert
260 _aOxford
_bway Books
_c2016
300 _axxi, 59p. ;
_c21cm.
650 _aJesuits
_924180
650 _aIgnatius St.
_948421
942 _2lcc
_cMONOGRAPH